| 000 | 00474nam a22001577a 4500 | ||
|---|---|---|---|
| 003 | OSt | ||
| 005 | 20240416122537.0 | ||
| 008 | 240416b |||||||| |||| 00| 0 eng d | ||
| 040 | _cMRSPTU | ||
| 100 | _aAbraham T.Kovoor (ਅਬਰਾਹਮ ਟੀ. ਕੋਵੂਰ) | ||
| 245 | _aExposing Paranormal Claims (ਕਰਾਮਾਤਾਂ ਦਾ ਪਰਦਾਫਾਸ਼) | ||
| 250 | _a1st | ||
| 260 |
_aPunjab _bTarkbharti Parkashan _c2001 |
||
| 300 | _a159 | ||
| 942 |
_2ddc _cBK _n0 |
||
| 999 |
_c10052 _d10052 |
||